000 01282nam a22002537a 4500
999 _c42316
_d42316
005 20251125232942.0
008 s2547 th tha d
020 _a9743233202
040 _aNALT
041 _atha
050 _aDS581
_bก976พ
100 0 _aไกรฤกษ์ นานา
245 1 0 _aพระจอมเกล้า รู้เท่าทันตะวันตก "มิตรภาพอาบยาพิษ"
260 3 _aกรุงเทพฯ :
_bมติชน,
_c2547
300 _a239 หน้า :
_bภาพประกอบ ;
_c24 ซม.
650 0 4 _aจอมเกล้าเจ้าอยู่หัว, พระบาทสมเด็จพระ, 2347--2411
650 0 4 _aไทย -- ประวัติศาสตร์ -- กรุงรัตนโกสินทร์ -- รัชกาลที่ 4, 2394--2411
650 0 4 _aไทย -- ประวัติศาสตร์ -- รัชกาลที่ 4
650 0 4 _aสมัยกรุงรัตนโกสินทร์ -- รัชกาลที่ 4
850 _aNALT
856 4 0 _uhttps://hdl.handle.net/20.500.14156/386617
_71
942 _cGB
_2lcc
_01
998 _j8
_k นายบัณฑิต อุทาวงค์